| 000 | 00425nam a2200157Ia 4500 | ||
|---|---|---|---|
| 008 | 231221s9999 xx 000 0 und d | ||
| 041 | _aEnglish | ||
| 082 | _a641.03 RUB;1 R | ||
| 100 | _aRubash, Joyce | ||
| 245 | 0 | _aMaster dictionary of food and wine | |
| 260 |
_c1990 _bVan Nostrand _aNew York |
||
| 300 | _axi+372 | ||
| 650 | _aHotel Management - Dictionary | ||
| 650 | _aMaster,dictionary,food,wine | ||
| 942 | _cHM | ||
| 999 |
_c207533 _d207533 |
||